000 00848nam a2200241Ia 4500
003 OSt
005 20220923212320.0
006 a|||||r|||| 00| 0
007 ta
008 220922b |||||||| |||| 00| 0 hin d
024 _a152,178
037 _cTextual
040 _aARTS
_cARTS
_bhin
041 _2hin
_ahin
082 _aDelta25v, 152M8
100 _aशर्मा, भीम राज
_9156265
245 0 _aसगुण भक्ति काव्य में
_b आराधना के विविध स्वरूप
246 _aSaguṇ bhakti kāvya mean: ārādhanā ke vividh svarūpa
260 _aजयपुर
_b मंगल प्रकाशन
_c1988
300 _a264 पृ.
_ccm.
942 _hDelta25v, 152M8
_cTEXL
_2CC
999 _c307827
_d307827